These United States : the questions of our past : vol.I /

保存先:
書誌詳細
第一著者: Unger, Irwin
フォーマット: Sách giấy
言語:English
出版事項: New York : Prentice-Hall , 1986
タグ: タグ追加
タグなし, このレコードへの初めてのタグを付けませんか!
Thư viện lưu trữ: Thư viện Trường Đại học Đà Lạt
LEADER 00566nam a2200241 4500
001 DLU020017125
005 ##2/12/2001
020 # # |a 978- 
041 # # |a eng 
082 # # |a 973  |b UN-I 
100 # # |a Unger, Irwin 
245 # # |a These United States :  |b the questions of our past :  |p vol.I /  |c Irwin Unger 
260 # # |a New York :  |b Prentice-Hall ,  |c 1986 
300 # # |a 451 tr.;   |c 27 cm. 
992 # # |a 0 
994 # # |a DLU 
900 # # |a False 
911 # # |a Administrator 
925 # # |a G 
926 # # |a A 
927 # # |a SH 
980 # # |a Thư viện Trường Đại học Đà Lạt